Portugal (Record no. 42589)

MARC details
000 -Etiqueta do registo
Valores 00546cam a2200193 04500
100 ## - Dados gerais de processamento
Dados gerais 19790201d1979 m y0pory50030103ba
101 0# - Língua de publicação
Língua por
102 ## - País de publicação
País PT
200 1# - Titulo e menção de responsabilidade
Título próprio Portugal
Informação de outro título agricultura e problemas humanos
Primeira menção de responsabilidade Gonçalo Santa-Ritta
210 #9 - Publicação
Local de publicação Lisboa
Nome do editor Terra Livre,
Data de publicação 1979
215 ## - Descrição física 
Paginação / Volumes 193, [3] p.
Outras indicações físicas il.
Dimensões 21 cm
225 2# - Colecção 
Título próprio da colecção Problemas quotidianos
675 ## - CDU
Notação 316.324(469)"196/197"
Edição BN
Língua por
675 ## - CDU
Notação 338.43(469)"196/197"
Edição BN
Língua por
700 #1 - Autor principal
Apelido Santa Rita,
Nome Gon—calo de
801 #0 - Fonte de origem
País PT
Agência BN
Regras de catalogação RPC
990 ## - Elementos KOHA
Tipo de documento Livro
Holdings
Aquisição Empréstimo Código de barras Cota Permissão de empréstimo Tipo de documento
Biblioteca Escolar Doutor Hernâni Cidade Biblioteca Escolar Doutor Hernâni Cidade 55768 631.1 SAN AGR.   Livro

Powered by Koha